Advanced training programme on applications of GIS, GPS and remote sensing in urban infrastructure planning and management: sponsored by department of science and technology (Record no. 174704)

MARC details
000 -LEADER
fixed length control field 00622nam a2200145Ia 4500
008 - FIXED-LENGTH DATA ELEMENTS--GENERAL INFORMATION
fixed length control field 231217s9999 xx 000 0 und d
041 ## - LANGUAGE CODE
Language code of text/sound track or separate title English
082 ## - DEWEY DECIMAL CLASSIFICATION NUMBER
Classification number 003 PAR;1 R
100 ## - MAIN ENTRY--PERSONAL NAME
Personal name Partheeban, P Williams, Kanmalai C
245 #0 - TITLE STATEMENT
Title Advanced training programme on applications of GIS, GPS and remote sensing in urban infrastructure planning and management: sponsored by department of science and technology
260 ## - PUBLICATION, DISTRIBUTION, ETC.
Date of publication, distribution, etc. 2004
Name of publisher, distributor, etc. Scientech
Place of publication, distribution, etc. Chennai
300 ## - PHYSICAL DESCRIPTION
Extent 31.11
650 ## - SUBJECT ADDED ENTRY--TOPICAL TERM
Topical term or geographic name entry element Advanced,training,GIS,,GPS,remote,sensing,urban,infrastructure,planning,management:,sponsored,by,department,technology
942 ## - ADDED ENTRY ELEMENTS (KOHA)
Koha item type Books
Holdings
Date last seen Total checkouts Full call number Accession number Cost, total (INR) price Price effective from Category Lost status Damaged status Department Withdrawn status Home library Current library Shelving location Entry date Vendor Cost, normal purchase price Grants Billnumber Billdate Currency symbol Conversion rate Discount Old discount
26/01/2024   003 PAR;1 R 34342 240.00 26/01/2024 Books     Central Library   Central Library Central Library Central Library 17/05/2005 Sai Books 300.00 IS 2005/INV/000034 08/09/2012 RS 1 60 20
26/01/2024   003 PAR;2 R1 34343 240.00 26/01/2024 Books     Central Library   Central Library Central Library Central Library 17/05/2005 Sai Books 300.00 IS 2005/INV/000034 26/02/2009 RS 1 60 20

© For any Suggestions or Query, please contact the library staff @ librarian@pes.edu or Phone: +9180 2672 1983/ 2108.